000 00608nam a2200229Ia 4500
003 OSt
005 20220928113628.0
006 a|||||r|||| 00| 0
007 ta
008 220927b |||||||| |||| 00| 0 eng d
024 _a36732
037 _cTextual
040 _aSDCL
_cSDCL
_beng
041 _2eng
_aeng
082 _aV2:3(Q)'N8, N0
100 _aKashyap Anirban
_9434164
245 0 _aDisintegration and constitution
260 _aNew Delhi
_bLancer Books
_c1990
300 _avii,242p
_ccm.
942 _hV2:3(Q)'N8, N0
_cTEXL
_2CC
999 _c750541
_d750541